000
00329 a2200157 4500
001
171814
020
_a
040
_c
Magnum
100
_a
Ladeira, Julieta de Godoy
240
1
0
_a
Viva a republica
_l
por
245
1
0
_a
Viva a republica
362
0
_a
1899
440
1
_a
Moderna
697
_a
HISTORIA DO BRASIL
942
_c
BK
999
_c
171814
_d
171814